[Event "Veliko Gradiste Silver Lake op"]
[Site "Veliko Gradiste"]
[Date "2019.06.21"]
[Round "7"]
[White "Slavic, Nikola"]
[Black "Radosavljevic, Slobodan S"]
[Result "1-0"]
[WhiteElo "1947"]
[BlackElo "2112"]
[PlyCount "51"]
[EventDate "2019.06.16"]
[EventType "swiss"]
[EventRounds "9"]
[EventCountry "SRB"]
[SourceTitle "CBM 191 Extra"]
[Source "ChessBase"]
[SourceDate "2019.09.30"]
[SourceVersion "1"]
[SourceVersionDate "2019.09.30"]
[SourceQuality "1"]

1. e4 c6 2. d4 d5 3. Nc3 g6 4. Be3 Bg7 5. Qd2 dxe4 6. Nxe4 Nf6 7. Nxf6+ Bxf6 8. Nf3 Bg4 9. Be2 e6 10. h3 Bf5 11. c3 Nd7 12. Ng5 h6 13. Nxf7 Kxf7 14. g4 Be4 15. f3 Bh4+ 16. Kd1 Bd5 17. c4 Nb6 18. cxd5 Nxd5 19. Kc2 Bf6 20. Rad1 Qb6 21. Kb1 Nxe3 22. Qxe3 e5 23. Bc4+ Kg7 24. Rhe1 Rhe8 25. dxe5 Bxe5 26. Rd7+ 1-0

[Event "Veliko Gradiste Silver Lake op"]
[Site "Veliko Gradiste"]
[Date "2019.06.17"]
[Round "2"]
[White "Radosavljevic, Slobodan S"]
[Black "Vujcic, Milena"]
[Result "0-1"]
[WhiteElo "2112"]
[BlackElo "1937"]
[PlyCount "88"]
[EventDate "2019.06.16"]
[EventType "swiss"]
[EventRounds "9"]
[EventCountry "SRB"]
[SourceTitle "CBM 191 Extra"]
[Source "ChessBase"]
[SourceDate "2019.09.30"]
[SourceVersion "1"]
[SourceVersionDate "2019.09.30"]
[SourceQuality "1"]

1. d4 Nf6 2. Nf3 g6 3. c4 Bg7 4. Nc3 0-0 5. Bg5 d6 6. Qd2 c5 7. d5 a6 8. e4 Nbd7 9. Be2 Qa5 10. 0-0 Qb4 11. a3 Qb3 12. h3 Re8 13. Rfc1 Rb8 14. Bf4 Nh5 15. Bh2 Qb6 16. g4 Nhf6 17. e5 dxe5 18. Nxe5 Nxe5 19. Bxe5 Ne4 20. Qf4 Bxe5 21. Qxe5 Nxc3 22. Qxc3 Qd6 23. b4 b6 24. Rab1 Bd7 25. bxc5 Qxc5 26. Qe3 Rec8 27. Rc3 b5 28. Rcb3 Qd6 29. cxb5 axb5 30. Bxb5 Qxd5 31. Rd3 Qa2 32. Rdb3 Bxb5 33. Rxb5 Rxb5 34. Rxb5 Qa1+ 35. Kg2 Rc1 36. Rb8+ Kg7 37. Qxe7 Rg1+ 38. Kf3 Qd1+ 39. Qe2 Qd5+ 40. Qe4 Qd1+ 41. Kf4 Qc1+ 42. Qe3 Qc4+ 43. Kg5 f6+ 44. Kh4 g5+ 0-1

[Event "Veliko Gradiste Silver Lake op"]
[Site "Veliko Gradiste"]
[Date "2019.06.17"]
[Round "3"]
[White "Shoshin, Kirill"]
[Black "Radosavljevic, Slobodan S"]
[Result "1-0"]
[WhiteElo "1998"]
[BlackElo "2112"]
[PlyCount "69"]
[EventDate "2019.06.16"]
[EventType "swiss"]
[EventRounds "9"]
[EventCountry "SRB"]
[SourceTitle "CBM 191 Extra"]
[Source "ChessBase"]
[SourceDate "2019.09.30"]
[SourceVersion "1"]
[SourceVersionDate "2019.09.30"]
[SourceQuality "1"]

1. d4 Nf6 2. c4 c6 3. Nc3 d5 4. e3 g6 5. Nf3 Bg7 6. b3 0-0 7. Bd3 dxc4 8. bxc4 c5 9. h3 Nc6 10. Ne2 e5 11. Nxe5 Nxe5 12. dxe5 Nd7 13. f4 f6 14. e6 Nb6 15. f5 gxf5 16. Nf4 Qd6 17. 0-0 Bxe6 18. Qh5 Rf7 19. Rd1 Rd7 20. Bb2 Qe7 21. Nxe6 Qxe6 22. Bxf5 Qxe3+ 23. Kh1 Rxd1+ 24. Rxd1 h6 25. Qg6 Qe2 26. Rd3 Qe8 27. Qh7+ Kf8 28. Rg3 Qe1+ 29. Kh2 Qe7 30. Be6 Qxe6 31. Rxg7 Qd6+ 32. Kg1 Qd1+ 33. Kf2 Qd2+ 34. Kg3 Qd6+ 35. Kh4 1-0

[Event "Veliko Gradiste Silver Lake op"]
[Site "Veliko Gradiste"]
[Date "2019.06.16"]
[Round "1"]
[White "Ioannidis, Evgenios"]
[Black "Radosavljevic, Slobodan S"]
[Result "1-0"]
[WhiteElo "2407"]
[BlackElo "2112"]
[PlyCount "73"]
[EventDate "2019.06.16"]
[EventType "swiss"]
[EventRounds "9"]
[EventCountry "SRB"]
[SourceTitle "CBM 191 Extra"]
[Source "ChessBase"]
[SourceDate "2019.09.30"]
[SourceVersion "1"]
[SourceVersionDate "2019.09.30"]
[SourceQuality "1"]

1. c4 Nf6 2. Nf3 c6 3. b3 g6 4. Bb2 Bg7 5. e3 0-0 6. Be2 d5 7. 0-0 h6 8. d3 dxc4 9. bxc4 Bg4 10. Nbd2 Nbd7 11. Rb1 Qc7 12. Qb3 b6 13. h3 Bxf3 14. Bxf3 Rad8 15. d4 e5 16. Qa4 exd4 17. exd4 c5 18. Nb3 Ne8 19. dxc5 Nxc5 20. Nxc5 bxc5 21. Bxg7 Kxg7 22. Rb7 Qf4 23. Rxa7 Rd4 24. Qa5 Rxc4 25. Rd1 Rc1 26. Rad7 Nf6 27. R7d2 Rxd1+ 28. Rxd1 Rc8 29. a4 Qc4 30. Qa7 Qb3 31. a5 c4 32. a6 Rb8 33. Qd4 c3 34. a7 Rb4 35. Qxb4 Qxb4 36. a8Q c2 37. Rc1 1-0

[Event "SRB-chT Central"]
[Site "Kragujevac"]
[Date "2018.09.15"]
[Round "3.1"]
[White "Radosavljevic, Slobodan S"]
[Black "Dimitrijevic, Nenad"]
[Result "0-1"]
[WhiteElo "2106"]
[BlackElo "2216"]
[PlyCount "222"]
[EventDate "2018.09.14"]
[EventType "team-tourn"]
[EventRounds "11"]
[EventCountry "SRB"]
[SourceTitle "CBM 186 Extra"]
[Source "ChessBase"]
[SourceDate "2018.08.24"]
[SourceVersion "1"]
[SourceVersionDate "2018.08.24"]
[SourceQuality "1"]
[WhiteTeam "Cacak Borac"]
[BlackTeam "Paracin"]
[WhiteTeamCountry "SRB"]
[BlackTeamCountry "SRB"]

1. d4 Nf6 2. c4 e6 3. Nf3 d5 4. Nc3 Be7 5. Bg5 0-0 6. e3 c6 7. Be2 Ne4 8. Bxe7 Qxe7 9. Nxe4 dxe4 10. Nd2 e5 11. dxe5 Qxe5 12. Qc2 Bf5 13. 0-0 Nd7 14. Nb3 c5 15. Rfd1 Be6 16. Rd2 b6 17. Rad1 Nf6 18. a4 h5 19. Rd6 Qg5 20. Nd2 Qe5 21. Nb1 Rab8 22. Nc3 a6 23. Qb3 Kh7 24. h3 g5 25. Qc2 Kg7 26. b3 g4 27. hxg4 hxg4 28. g3 Rfe8 29. Bf1 Bf5 30. Ne2 Re6 31. Rxe6 fxe6 32. Nf4 Qc7 33. Bg2 Kf7 34. Qd2 Ke7 35. Kf1 b5 36. axb5 axb5 37. Ke1 bxc4 38. bxc4 Rb4 39. Bf1 Qb8 40. Be2 Rb2 41. Qc3 Qb4 42. Qxb4 cxb4 43. c5 Rc2 44. Rb1 Rxc5 45. Rxb4 Rc1+ 46. Kd2 Ra1 47. Bd1 Nh7 48. Ra4 Rb1 49. Ra7+ Kf6 50. Kc2 Rb8 51. Bxg4 Ng5 52. Bxf5 Kxf5 53. Ne2 e5 54. Nc3 Rc8 55. Kb3 Rd8 56. Ra2 Kg4 57. Ra5 Re8 58. Ra6 Rf8 59. Nd1 Kf3 60. Rd6 Ke2 61. Rd5 Nf3 62. Nc3+ Kxf2 63. Nxe4+ Kxe3 64. Nc5 Rg8 65. Rd3+ Ke2 66. Kc4 Rxg3 67. Rd8 Rg4+ 68. Kc3 e4 69. Nxe4 Rxe4 70. Rd7 Ne5 71. Rd8 Rc4+ 72. Kb3 Re4 73. Kc3 Ke3 74. Re8 Rc4+ 75. Kb3 Rc5 76. Kb4 Rd5 77. Rh8 Nd3+ 78. Kb3 Nf4 79. Kc4 Rd7 80. Kc5 Rc7+ 81. Kd6 Rg7 82. Rh1 Kd4 83. Rd1+ Nd3 84. Ke6 Ke4 85. Kf6 Ra7 86. Rd2 Ra6+ 87. Kg5 Nf4 88. Rb2 Rg6+ 89. Kh4 Nd3 90. Ra2 Kf5 91. Ra5+ Ne5 92. Ra8 Rg4+ 93. Kh3 Rg7 94. Rf8+ Nf7 95. Ra8 Ne5 96. Rf8+ Ke4 97. Re8 Rg5 98. Rf8 Rg1 99. Kh2 Rg7 100. Kh3 Nd3 101. Re8+ Kf3 102. Rf8+ Nf4+ 103. Kh2 Rg4 104. Rf7 Kf2 105. Rh7 Rg3 106. Rh8 Rf3 107. Rh4 Nd5 108. Rh3 Rf5 109. Ra3 Rh5+ 110. Rh3 Rg5 111. Rh6 Ne3 0-1

[Event "SRB-chT Central"]
[Site "Kragujevac"]
[Date "2018.09.14"]
[Round "1.1"]
[White "Radosavljevic, Slobodan S"]
[Black "Jovanovic, Bojan V"]
[Result "1-0"]
[WhiteElo "2106"]
[BlackElo "2275"]
[PlyCount "89"]
[EventDate "2018.09.14"]
[EventType "team-tourn"]
[EventRounds "11"]
[EventCountry "SRB"]
[SourceTitle "CBM 186 Extra"]
[Source "ChessBase"]
[SourceDate "2018.08.24"]
[SourceVersion "1"]
[SourceVersionDate "2018.08.24"]
[SourceQuality "1"]
[WhiteTeam "Cacak Borac"]
[BlackTeam "Pirot Progres"]
[WhiteTeamCountry "SRB"]
[BlackTeamCountry "SRB"]

1. d4 d6 2. Nf3 Bg4 3. Nbd2 Nd7 4. e4 e5 5. c3 Ngf6 6. Bd3 Be7 7. 0-0 c6 8. h3 Bh5 9. a4 0-0 10. Re1 Re8 11. Nf1 Bf8 12. Ng3 Bxf3 13. Qxf3 exd4 14. cxd4 g6 15. a5 Bg7 16. b4 Nd5 17. Ba3 Nc7 18. Bc4 Qf6 19. Qxf6 Nxf6 20. Bf1 h5 21. h4 Nd7 22. Red1 a6 23. Rac1 d5 24. e5 Bh6 25. Rc2 f6 26. exf6 Nxf6 27. Bd3 Kf7 28. Bc1 Bg7 29. Bf4 Ne6 30. Be5 Ng4 31. Bxg7 Kxg7 32. Be2 Nh6 33. Kf1 Rf8 34. Rc3 Rf4 35. Re3 Re8 36. Bxh5 Rxh4 37. Rde1 gxh5 38. Rxe6 Rf8 39. Re7+ Rf7 40. R1e6 Rxe7 41. Rxe7+ Kg6 42. Re6+ Kg5 43. Rxh6 Rxd4 44. Rxh5+ Kg4 45. Rh4+ 1-0

[Event "Veliko Gradiste Silver Lake op"]
[Site "Veliko Gradiste"]
[Date "2018.06.18"]
[Round "2"]
[White "Savicevic, Vlatko"]
[Black "Radosavljevic, Slobodan S"]
[Result "1/2-1/2"]
[WhiteElo "2354"]
[BlackElo "2099"]
[PlyCount "58"]
[EventDate "2018.06.17"]
[EventType "swiss"]
[EventRounds "9"]
[EventCountry "SRB"]
[SourceTitle "CBM 185 Extra"]
[Source "ChessBase"]
[SourceDate "2018.07.29"]
[SourceVersion "1"]
[SourceVersionDate "2018.07.29"]
[SourceQuality "1"]

1. e4 c6 2. d4 d5 3. exd5 cxd5 4. Bd3 Nf6 5. c3 Nc6 6. Bf4 g6 7. Nf3 Bg7 8. h3 0-0 9. Nbd2 Nh5 10. Bh2 f5 11. Qe2 e6 12. Bb5 Bh6 13. Bxc6 bxc6 14. Nb3 Nf4 15. Bxf4 Bxf4 16. Nc5 Qb6 17. 0-0 a5 18. Rfe1 Re8 19. a4 Bd6 20. b4 axb4 21. cxb4 Qxb4 22. Reb1 Qa5 23. Nb3 Qc3 24. Qd1 Rb8 25. Ra2 Bd7 26. a5 Rb5 27. a6 Ra8 28. Nc5 Bxc5 29. dxc5 Qxc5 1/2-1/2

[Event "Veliko Gradiste Silver Lake op"]
[Site "Veliko Gradiste"]
[Date "2018.06.17"]
[Round "1"]
[White "Radosavljevic, Slobodan S"]
[Black "Tosic, Miroslav"]
[Result "0-1"]
[WhiteElo "2099"]
[BlackElo "2384"]
[PlyCount "68"]
[EventDate "2018.06.17"]
[EventType "swiss"]
[EventRounds "9"]
[EventCountry "SRB"]
[SourceTitle "CBM 185 Extra"]
[Source "ChessBase"]
[SourceDate "2018.07.29"]
[SourceVersion "1"]
[SourceVersionDate "2018.07.29"]
[SourceQuality "1"]

1. d4 Nf6 2. Nf3 g6 3. c4 Bg7 4. Nc3 0-0 5. e4 d6 6. Be2 e5 7. d5 a5 8. h3 Na6 9. Bg5 h6 10. Be3 Nc5 11. Nd2 Bd7 12. 0-0 Ne8 13. f4 exf4 14. Bxf4 f5 15. Be3 Qe7 16. Qc2 Nf6 17. Bxc5 dxc5 18. Bd3 Nh5 19. Nf3 Rae8 20. Rae1 Qd6 21. exf5 gxf5 22. Rxe8 Rxe8 23. Bxf5 Bxf5 24. Qxf5 Ng3 25. Qg4 Nxf1 26. Kxf1 Kh7 27. Ng5+ Kg8 28. Ne6 Re7 29. Ng5 Qe5 30. Kg1 Kh8 31. Nf3 Qe3+ 32. Kh1 Rf7 33. a3 Qc1+ 34. Kh2 Qxb2 0-1

[Event "Gligoric Cup 4th"]
[Site "Novi Banovci"]
[Date "2017.05.25"]
[Round "1.7"]
[White "Radosavljevic, Slobodan S"]
[Black "Gavric, Zivojin"]
[Result "1-0"]
[WhiteElo "2154"]
[BlackElo "2085"]
[PlyCount "71"]
[EventDate "2017.05.25"]
[EventType "team-swiss"]
[EventRounds "5"]
[EventCountry "SRB"]
[SourceTitle "CBM 178 Extra"]
[Source "ChessBase"]
[SourceDate "2017.06.22"]
[SourceVersion "1"]
[SourceVersionDate "2017.06.22"]
[SourceQuality "1"]
[WhiteTeam "Cacak Borac"]
[BlackTeam "Nova Pazova Mladost"]
[WhiteTeamCountry "SRB"]
[BlackTeamCountry "SRB"]

1. d4 d5 2. Nf3 Bf5 3. e3 e6 4. c4 c6 5. Nc3 Nf6 6. Bd3 Bxd3 7. Qxd3 Nbd7 8. 0-0 Bd6 9. b3 0-0 10. Bb2 Rc8 11. h3 Re8 12. e4 dxe4 13. Nxe4 Nxe4 14. Qxe4 Qf6 15. Rfe1 Qg6 16. Qe3 Be7 17. a4 a6 18. Rad1 Bf6 19. Ne5 Nxe5 20. dxe5 Bg5 21. Qb6 Qc2 22. Ba3 Rcd8 23. Rxd8 Rxd8 24. Qxb7 Qc3 25. Rf1 Qxe5 26. Qxc6 Qc3 27. Qb6 Rd3 28. Qc5 h6 29. Qf8+ Kh7 30. Qxf7 Qxb3 31. Bf8 Bf6 32. Qxe6 Rc3 33. Qf5+ Kg8 34. Rb1 Qxc4 35. Rb8 Kf7 36. Bd6 1-0

[Event "SRB-chT2 West"]
[Site "Sabac"]
[Date "2014.09.27"]
[Round "5.5"]
[White "Radosavljevic, Slobodan S"]
[Black "Stevanovic, Milos"]
[Result "1-0"]
[WhiteElo "2166"]
[BlackElo "1611"]
[PlyCount "104"]
[EventDate "2014.09.25"]
[EventType "team-swiss"]
[EventRounds "6"]
[EventCountry "SRB"]
[SourceTitle "EXT 2015"]
[Source "ChessBase"]
[SourceDate "2014.11.20"]
[SourceVersion "1"]
[SourceVersionDate "2014.11.20"]
[SourceQuality "1"]

1. d4 Nf6 2. Nf3 g6 3. Nbd2 d5 4. e3 Bg7 5. Bd3 0-0 6. 0-0 b6 7. Qe2 Bb7 8. Ne5 c5 9. c3 Nfd7 10. Ndf3 Nc6 11. Nxd7 Qxd7 12. dxc5 bxc5 13. Ba6 Rfd8 14. Rd1 Qc8 15. Bb5 a6 16. Bd3 f5 17. c4 e5 18. cxd5 Nb4 19. e4 Nxd3 20. Rxd3 fxe4 21. Qxe4 Qf5 22. Qxf5 gxf5 23. Nh4 Bxd5 24. Bg5 e4 25. Rd2 Rd7 26. Rad1 h6 27. Be3 Rad8 28. Nxf5 Be6 29. Rxd7 Rxd7 30. Rxd7 Bxd7 31. Nxg7 Kxg7 32. Bxc5 Kf6 33. Kf1 Ke5 34. Ke2 Be6 35. b3 a5 36. Ke3 a4 37. Bd4+ Kf5 38. bxa4 Bxa2 39. Bg7 h5 40. Kd4 Bb1 41. a5 Bd3 42. Bh6 Bf1 43. g3 Ba6 44. Kd5 Bd3 45. Kc5 Kg4 46. Be3 Kh3 47. Kb6 Kxh2 48. a6 Bxa6 49. Kxa6 Kh3 50. Kb5 h4 51. gxh4 Kxh4 52. Kc5 Kg4 1-0

[Event "Topusko op 3rd"]
[Site "Topusko"]
[Date "2014.08.15"]
[Round "9"]
[White "Radosavljevic, Slobodan S"]
[Black "Bozinovic, Bogdan"]
[Result "0-1"]
[WhiteElo "2175"]
[BlackElo "2205"]
[PlyCount "96"]
[EventDate "2014.08.08"]
[EventType "swiss"]
[EventRounds "9"]
[EventCountry "CRO"]
[SourceTitle "CBM 162 Extra"]
[Source "ChessBase"]
[SourceDate "2014.10.17"]
[SourceVersion "1"]
[SourceVersionDate "2014.10.17"]
[SourceQuality "1"]

1. d4 Nf6 2. Nf3 c5 3. e3 e6 4. c4 a6 5. Nc3 d5 6. b3 Nc6 7. Bb2 Bd6 8. cxd5 exd5 9. Be2 0-0 10. 0-0 Bg4 11. dxc5 Bxc5 12. Na4 Ba7 13. h3 Be6 14. Rc1 Ne4 15. Nd4 Bd7 16. Nxc6 Bxc6 17. Bd4 Bxa4 18. Bxa7 Bxb3 19. Qxb3 Rxa7 20. Rfd1 Nf6 21. Bf3 b5 22. e4 d4 23. e5 Nd7 24. Qd5 Qe7 25. Re1 d3 26. Rcd1 Nc5 27. Bg4 Rd8 28. Qf3 g6 29. Qe3 h5 30. Bf3 Rad7 31. Rd2 Rd4 32. g3 Kg7 33. Bg2 Qe6 34. Rc1 Qe7 35. f4 Rc4 36. Rf1 Qd7 37. Rff2 Qf5 38. Rf1 Ne6 39. Rfd1 Rcd4 40. Rc1 h4 41. Rc6 hxg3 42. Rxa6 Nxf4 43. Rf6 Qg5 44. Qe1 Re8 45. Qa1 Qxe5 46. Rc6 Qe1+ 47. Qxe1 Rxe1+ 48. Bf1 g2 0-1

[Event "Topusko op 3rd"]
[Site "Topusko"]
[Date "2014.08.14"]
[Round "8"]
[White "Radulovic, Bojan"]
[Black "Radosavljevic, Slobodan S"]
[Result "1-0"]
[WhiteElo "2237"]
[BlackElo "2175"]
[PlyCount "131"]
[EventDate "2014.08.08"]
[EventType "swiss"]
[EventRounds "9"]
[EventCountry "CRO"]
[SourceTitle "CBM 162 Extra"]
[Source "ChessBase"]
[SourceDate "2014.10.17"]
[SourceVersion "1"]
[SourceVersionDate "2014.10.17"]
[SourceQuality "1"]

1. d4 Nf6 2. Nf3 g6 3. c4 Bg7 4. Nc3 d6 5. e4 0-0 6. h3 c5 7. d5 Nbd7 8. Be2 Rb8 9. a4 b6 10. a5 a6 11. axb6 Nxb6 12. Qc2 Ra8 13. Be3 Qc7 14. 0-0 Bd7 15. Nd2 Rfb8 16. Nb3 a5 17. e5 Ne8 18. exd6 exd6 19. Nd2 a4 20. Ndb1 Qd8 21. Na3 Nc7 22. Qd2 Qe7 23. Bf3 Be5 24. Rfe1 f6 25. Bg4 f5 26. Bf3 Qf6 27. Bg5 Qg7 28. Bf4 Re8 29. Bh6 Qf6 30. Bg5 Qg7 31. g3 Nc8 32. Bd1 Nb6 33. Bc2 Qf7 34. Kg2 h5 35. Bd3 Qg7 36. Nc2 Rab8 37. Na3 Nc8 38. Ra2 Rb4 39. Qc2 Nb6 40. Nd1 Rb8 41. Nb1 Nc8 42. Nbc3 Nb6 43. Nb1 Nc8 44. Bd2 Rb3 45. Nbc3 R3b4 46. Nxa4 Bxa4 47. Rxa4 Rxa4 48. Qxa4 Bxb2 49. Bf4 Bd4 50. Qa5 Ra8 51. Qd2 Ra3 52. Bg5 Bf6 53. Bf1 Kh7 54. h4 Be5 55. Bd8 Bf6 56. Bxc7 Qxc7 57. Re6 Kg7 58. Rxf6 Rxg3+ 59. fxg3 Kxf6 60. Qf4 Qa5 61. Nf2 Qe1 62. Qg5+ Kf7 63. Qd8 Qe8 64. Qc7+ Kg8 65. Bd3 Qf8 66. Nh3 1-0

[Event "SRB-chT2 West CS"]
[Site "Serbia"]
[Date "2012.09.14"]
[Round "1.5"]
[White "Simic, Goran S"]
[Black "Radosavljevic, Slobodan S"]
[Result "1/2-1/2"]
[WhiteElo "2094"]
[BlackElo "2204"]
[PlyCount "95"]
[EventDate "2012.09.14"]
[EventType "team"]
[EventRounds "10"]
[EventCountry "SRB"]
[SourceTitle "EXT 2015"]
[Source "ChessBase"]
[SourceDate "2014.11.20"]
[SourceVersion "1"]
[SourceVersionDate "2014.11.20"]
[SourceQuality "1"]

1. d4 d5 2. Nf3 g6 3. g3 Bg7 4. Bg2 Nd7 5. 0-0 c6 6. b3 Nh6 7. Bb2 0-0 8. Nbd2 Nf5 9. c4 e6 10. e4 dxe4 11. Nxe4 Nf6 12. Nxf6+ Bxf6 13. Qd2 Qc7 14. Rad1 Rd8 15. Rfe1 b6 16. Qc2 Bb7 17. Rd2 Rac8 18. Red1 Qe7 19. Ne5 Bg7 20. Bc3 f6 21. Nf3 c5 22. dxc5 bxc5 23. Rxd8+ Rxd8 24. Rxd8+ Qxd8 25. Qd2 Qxd2 26. Nxd2 Bxg2 27. Kxg2 Nd6 28. Ba5 f5 29. Bc7 Nf7 30. Bb8 a6 31. f4 e5 32. fxe5 Bxe5 33. Ba7 Bd6 34. Nf3 Nd8 35. Ne1 Kf7 36. Nd3 Nb7 37. a3 a5 38. b4 cxb4 39. c5 Bc7 40. axb4 axb4 41. Nxb4 Ke6 42. Kf3 g5 43. h3 h5 44. Nc2 f4 45. gxf4 Bxf4 46. h4 Kd5 47. hxg5 Bxg5 48. Ne3+ 1/2-1/2

[Event "SRB-chT2 West"]
[Site "Valjevo"]
[Date "2010.10.14"]
[Round "6"]
[White "Rancic, Zoran"]
[Black "Radosavljevic, Slobodan S"]
[Result "1-0"]
[WhiteElo "2177"]
[BlackElo "2221"]
[PlyCount "71"]
[EventDate "2010.09.12"]
[EventType "team-tourn"]
[EventRounds "9"]
[EventCountry "YUG"]
[SourceTitle "EXT 2011"]
[Source "ChessBase"]
[SourceDate "2010.11.26"]
[SourceVersion "1"]
[SourceVersionDate "2010.11.26"]
[SourceQuality "1"]

1. d4 Nf6 2. c4 e6 3. Nc3 b6 4. e4 Bb7 5. f3 d5 6. cxd5 exd5 7. e5 Nfd7 8. f4 Bb4 9. a3 Bxc3+ 10. bxc3 0-0 11. Nf3 c5 12. Bd3 Re8 13. 0-0 Ba6 14. Ng5 Bxd3 15. Qxd3 Nf8 16. f5 cxd4 17. cxd4 Nc6 18. f6 g6 19. Rf4 Qc8 20. Bd2 Nd8 21. Raf1 Nde6 22. Nxe6 Rxe6 23. Rh4 Rc6 24. Qe3 h5 25. g4 Ne6 26. gxh5 g5 27. Qg3 Kh7 28. Bxg5 Nxg5 29. Qxg5 Qg8 30. Rg4 Qxg5 31. Rxg5 Rg8 32. Rxg8 Kxg8 33. Rf4 Rc3 34. Rg4+ Kh8 35. Kg2 Rd3 36. e6 1-0

[Event "Senta op-B 13th"]
[Site "Senta"]
[Date "2009.07.24"]
[Round "8"]
[White "Ruzicic, Sinisa"]
[Black "Radosavljevic, Slobodan S"]
[Result "0-1"]
[WhiteElo "1996"]
[BlackElo "2118"]
[PlyCount "110"]
[EventDate "2009.07.18"]
[EventType "swiss"]
[EventRounds "9"]
[EventCountry "YUG"]
[SourceTitle "EXT 2012"]
[Source "ChessBase"]
[SourceDate "2011.11.24"]
[SourceVersion "1"]
[SourceVersionDate "2011.11.24"]
[SourceQuality "1"]

1. e4 e5 2. d4 exd4 3. c3 dxc3 4. Bc4 Nc6 5. Nxc3 Bb4 6. Nf3 Nf6 7. e5 d5 8. exf6 dxc4 9. Qe2+ Be6 10. fxg7 Rg8 11. Bg5 Bxc3+ 12. bxc3 Qd3 13. Qxd3 cxd3 14. Bf6 Ne7 15. 0-0-0 Nd5 16. Be5 f6 17. Bd4 Rxg7 18. Rhe1 Kf7 19. g3 c5 20. Bxc5 Rc8 21. Bd4 Nxc3 22. Rxd3 Nxa2+ 23. Kb2 Nb4 24. Rde3 Bf5 25. Re7+ Kf8 26. Bxf6 Nd3+ 27. Kb3 Nxe1 28. Rxg7 Nxf3 29. Rxb7 Ra8 30. h4 a5 31. Bg7+ Ke8 32. Bc3 Bd7 33. Bf6 Nd2+ 34. Kc2 Ne4 35. Bd4 a4 36. Kd3 Nd6 37. Rb6 Bf5+ 38. Ke2 Kd7 39. f3 a3 40. g4 Re8+ 41. Kf2 Bc2 42. Ra6 Nb5 43. Bc5 Bd3 44. Bxa3 Re2+ 45. Kg3 Ra2 46. f4 Rxa3 47. Rxa3 Nxa3 48. f5 Ke7 49. Kf4 Nc4 50. h5 Nd6 51. Kg5 Nf7+ 52. Kf4 Kf6 53. Ke3 Ba6 54. Kf4 Bb7 55. h6 Bc6 0-1

[Event "Senta op-B 13th"]
[Site "Senta"]
[Date "2009.07.19"]
[Round "3"]
[White "Toth, Kazmer"]
[Black "Radosavljevic, Slobodan S"]
[Result "0-1"]
[WhiteElo "1971"]
[BlackElo "2118"]
[PlyCount "88"]
[EventDate "2009.07.18"]
[EventType "swiss"]
[EventRounds "9"]
[EventCountry "YUG"]
[SourceTitle "EXT 2012"]
[Source "ChessBase"]
[SourceDate "2011.11.24"]
[SourceVersion "1"]
[SourceVersionDate "2011.11.24"]
[SourceQuality "1"]

1. c4 Nf6 2. Nc3 c5 3. g3 g6 4. Bg2 Nc6 5. e4 Bg7 6. Nge2 d6 7. 0-0 0-0 8. h3 Be6 9. d3 Nd7 10. Kh2 Nd4 11. Rb1 Qa5 12. a3 Nxe2 13. Nxe2 b5 14. f4 bxc4 15. e5 Rab8 16. exd6 exd6 17. dxc4 Bxc4 18. Rf2 Qa6 19. Qd2 Bd3 20. Ra1 Rfe8 21. Bf3 c4 22. Nc3 Nc5 23. Qd1 Bd4 24. Rg2 Nb3 25. Ra2 Bxc3 26. bxc3 Be4 27. Be3 Qa5 28. Bxe4 Rxe4 29. Bg1 d5 30. h4 h5 31. Rge2 Rbe8 32. Rxe4 Rxe4 33. Re2 Qxc3 34. Bxa7 Rxe2+ 35. Qxe2 Qd2 36. Qxd2 Nxd2 37. Kg2 c3 38. Bd4 c2 39. Bb2 Nc4 40. Bc1 d4 41. Kf2 d3 42. Ke1 Kf8 43. a4 Ke7 44. a5 Kd7 0-1

[Event "SRB-chT2 West"]
[Site "Serbia"]
[Date "2007.10.18"]
[Round "7"]
[White "Vuckovic, Lidija"]
[Black "Radosavljevic, Slobodan S"]
[Result "0-1"]
[WhiteElo "1746"]
[BlackElo "2053"]
[PlyCount "77"]
[EventDate "2007.09.09"]
[EventType "team"]
[EventRounds "11"]
[EventCountry "SRB"]
[SourceTitle "EXT 2012"]
[Source "ChessBase"]
[SourceDate "2011.11.24"]
[SourceVersion "1"]
[SourceVersionDate "2011.11.24"]
[SourceQuality "1"]
[WhiteTeam "Zlatar"]
[BlackTeam "Cacak Borac"]
[WhiteTeamCountry "SRB"]
[BlackTeamCountry "SRB"]

1. d4 Nf6 2. Nf3 e6 3. Bf4 b6 4. e3 Bb7 5. Nbd2 c5 6. c3 d5 7. Bd3 Nbd7 8. h3 Be7 9. 0-0 0-0 10. Qe2 Ne4 11. Ne5 Nxe5 12. Bxe5 f6 13. Bh2 Nxd2 14. Qxd2 Bd6 15. Bxd6 Qxd6 16. Rad1 e5 17. dxe5 Qxe5 18. Rfe1 Rad8 19. Qc2 f5 20. Be2 f4 21. exf4 Qxf4 22. Bd3 Qh4 23. Re3 d4 24. Rg3 Rf4 25. Re1 Rdf8 26. Rf1 Bd5 27. a3 c4 28. Be2 d3 29. Bxd3 cxd3 30. Qxd3 Bc4 31. Qd7 R4f7 32. Qa4 b5 33. Qb4 a5 34. Qd6 Bxf1 35. Kxf1 Rxf2+ 36. Kg1 Qc4 37. Qe5 g6 38. Qd6 R8f6 39. Qe5 0-1

[Event "SRB-chT2 West"]
[Site "Serbia"]
[Date "2007.09.23"]
[Round "3.1"]
[White "Dragicevic, Dragan"]
[Black "Radosavljevic, Slobodan S"]
[Result "1-0"]
[WhiteElo "2130"]
[BlackElo "2247"]
[PlyCount "119"]
[EventDate "2007.09.09"]
[EventType "team"]
[EventRounds "11"]
[EventCountry "SRB"]
[SourceTitle "EXT 2012"]
[Source "ChessBase"]
[SourceDate "2011.11.24"]
[SourceVersion "1"]
[SourceVersionDate "2011.11.24"]
[SourceQuality "1"]
[WhiteTeam "Ub"]
[BlackTeam "Cacak Borac"]
[WhiteTeamCountry "SRB"]
[BlackTeamCountry "SRB"]

1. d4 Nf6 2. c4 e6 3. Nc3 b6 4. Bg5 Bb7 5. e3 h6 6. Bh4 Be7 7. Nf3 d6 8. h3 Ne4 9. Bxe7 Qxe7 10. Nxe4 Bxe4 11. Nd2 Bb7 12. h4 Nd7 13. Qa4 0-0 14. 0-0-0 c5 15. Rh3 Rfd8 16. Nf3 Nf6 17. Kb1 d5 18. cxd5 Bxd5 19. Bd3 cxd4 20. exd4 Rac8 21. Ne5 Be4 22. Bxe4 Nxe4 23. Rf3 Qc7 24. a3 Nd2+ 25. Rxd2 Qc1+ 26. Ka2 Qxd2 27. Qxa7 Qxd4 28. Qxf7+ Kh7 29. Qg6+ Kg8 30. Qxe6+ Kh7 31. Nc6 Qxh4 32. Nxd8 Qxd8 33. Rg3 Qg8 34. Qxg8+ Kxg8 35. Kb3 Rf8 36. f3 g5 37. Rg4 Rf5 38. Rd4 Rf6 39. Kc4 Kf7 40. Kb5 Ke7 41. b4 h5 42. Rd5 Rg6 43. a4 Ke6 44. Rd4 g4 45. fxg4 hxg4 46. g3 Ke5 47. Rf4 Kd5 48. a5 bxa5 49. bxa5 Kd6 50. Rc4 Kd5 51. Rc8 Ke4 52. a6 Rg5+ 53. Rc5 Rg8 54. a7 Kf3 55. Rc3+ Kf2 56. Kb6 Rg6+ 57. Rc6 Rg8 58. Rc3 Rg6+ 59. Kb7 Rg7+ 60. Kb8 1-0